| 000 | 00829cam a2200253 a 4500 | ||
|---|---|---|---|
| 001 | 2841161 | ||
| 003 | Ke-BoTe | ||
| 005 | 20220609164604.0 | ||
| 008 | 840430r19841978nyu 000 0 eng | ||
| 010 | _a 84009557 | ||
| 020 | _a0866930108 (pbk.) | ||
| 040 |
_aDLC _cDLC _dDLC |
||
| 050 | 0 | 0 |
_aBV4501.2 _b.C673 1984 |
| 082 | 0 | 0 |
_a248.4 _219 |
| 100 | 1 |
_aCook, Robert A., _d1912- _98052 |
|
| 240 | 1 | 0 | _aWalk with the King today |
| 245 | 1 | 0 |
_aIn step with God / _cRobert A. Cook. |
| 260 |
_aChappaqua, N.Y. : _bChristian Herald Association ; _cc1978. |
||
| 300 |
_a253 p . ; _c21 cm. |
||
| 500 | _aReprint. Originally published: Walk with the King today. 1st ed. Chappaqua, N.Y. : Christian Herald Books, c1978. | ||
| 650 | 0 |
_aChristian life. _9100 |
|
| 906 |
_a7 _bcbc _corignew _d1 _eocip _f19 _gy-gencatlg |
||
| 942 |
_2lcc _cBK _n0 |
||
| 999 |
_c3811 _d3811 |
||